[Event "Vojvodina op 8th"]
[Site "Novi Sad"]
[Date "2017.07.19"]
[Round "4"]
[White "Velikic, Adela"]
[Black "Henriksen, Geir Ivar"]
[Result "1/2-1/2"]
[WhiteElo "2256"]
[BlackElo "2151"]
[PlyCount "64"]
[EventDate "2017.07.16"]
[EventType "swiss"]
[EventRounds "9"]
[EventCountry "SRB"]
[SourceTitle "EXT 2018"]
[Source "ChessBase"]
[SourceDate "2017.10.13"]
[SourceVersion "1"]
[SourceVersionDate "2017.10.13"]
[SourceQuality "1"]

1. d4 Nf6 2. Nf3 e6 3. e3 c5 4. c4 d5 5. dxc5 Bxc5 6. a3 0-0 7. b4 Be7 8. Nbd2 a5 9. b5 Nbd7 10. Bb2 Nc5 11. Be2 Nfe4 12. 0-0 Bf6 13. Qc2 Bxb2 14. Qxb2 Nxd2 15. Nxd2 b6 16. cxd5 exd5 17. Nb3 Nxb3 18. Qxb3 Be6 19. Qb2 Rc8 20. Rfd1 Qe7 21. a4 Rc5 22. Rd4 Rfc8 23. Bd3 g6 24. h4 Qc7 25. h5 Rc1+ 26. Rxc1 Qxc1+ 27. Qxc1 Rxc1+ 28. Kh2 Kg7 29. hxg6 hxg6 30. Kg3 g5 31. f4 gxf4+ 32. exf4 f5 1/2-1/2

[Event "SRB Central-ch op-A 8th"]
[Site "Paracin"]
[Date "2015.07.03"]
[Round "1"]
[White "Ratkovic, Milovan"]
[Black "Henriksen, Geir Ivar"]
[Result "1-0"]
[WhiteElo "2385"]
[BlackElo "2192"]
[PlyCount "51"]
[EventDate "2015.07.03"]
[EventType "swiss"]
[EventRounds "9"]
[EventCountry "SRB"]
[SourceTitle "CBM 167 Extra"]
[Source "ChessBase"]
[SourceDate "2015.09.14"]
[SourceVersion "1"]
[SourceVersionDate "2015.09.14"]
[SourceQuality "1"]

1. d4 Nf6 2. c4 Nc6 3. Nf3 e6 4. a3 d6 5. Nc3 g6 6. e3 Bg7 7. Be2 0-0 8. 0-0 a5 9. Rb1 e5 10. d5 Nb8 11. Nd2 Na6 12. b4 c6 13. dxc6 bxc6 14. Bf3 axb4 15. axb4 d5 16. b5 e4 17. Be2 cxb5 18. Nxd5 Nxd5 19. cxd5 Qxd5 20. Rxb5 Qc6 21. Bb2 Bxb2 22. Rxb2 Be6 23. Qb1 Nc5 24. Rc1 Rfc8 25. Rb4 Ra2 26. Nxe4 1-0

[Event "Olomouc op 17th"]
[Site "Olomouc"]
[Date "2014.08.07"]
[Round "9"]
[White "Henriksen, Geir Ivar"]
[Black "Navratil, Jiri2222"]
[Result "1-0"]
[WhiteElo "2202"]
[BlackElo "2065"]
[PlyCount "75"]
[EventDate "2014.07.31"]
[EventType "swiss"]
[EventRounds "9"]
[EventCountry "CZE"]
[SourceTitle "CBM 161 Extra"]
[Source "ChessBase"]
[SourceDate "2014.08.29"]
[SourceVersion "1"]
[SourceVersionDate "2014.08.29"]
[SourceQuality "1"]

1. c4 e5 2. g3 Nc6 3. Nc3 f5 4. Nf3 d6 5. d4 e4 6. Nh4 g6 7. f3 Be7 8. Ng2 exf3 9. exf3 Bf6 10. Be3 Nge7 11. Nf4 0-0 12. Qd2 a5 13. Be2 Re8 14. h4 Bd7 15. 0-0-0 a4 16. Nfd5 Nxd5 17. Nxd5 Bg7 18. h5 Be6 19. hxg6 hxg6 20. Bg5 Ne7 21. Nf6+ Kf7 22. Nxe8 Qxe8 23. d5 Bd7 24. Bh6 Qh8 25. Bxg7 Qxg7 26. Qd4 Ng8 27. Qxg7+ Kxg7 28. Rd3 Re8 29. Kd2 Nf6 30. Re3 b6 31. Rxe8 Bxe8 32. Ke3 Bd7 33. Rg1 g5 34. Rc1 Nh5 35. Kf2 Nf6 36. Rc3 Ne8 37. Ra3 Kf6 38. Bd1 1-0

[Event "Olomouc op 17th"]
[Site "Olomouc"]
[Date "2014.08.05"]
[Round "7"]
[White "Henriksen, Geir Ivar"]
[Black "Simacek, Pavel"]
[Result "0-1"]
[WhiteElo "2202"]
[BlackElo "2470"]
[PlyCount "52"]
[EventDate "2014.07.31"]
[EventType "swiss"]
[EventRounds "9"]
[EventCountry "CZE"]
[SourceTitle "CBM 161 Extra"]
[Source "ChessBase"]
[SourceDate "2014.08.29"]
[SourceVersion "1"]
[SourceVersionDate "2014.08.29"]
[SourceQuality "1"]

1. c4 e5 2. g3 Nf6 3. Bg2 d5 4. cxd5 Nxd5 5. Nc3 Nf6 6. Nf3 Nc6 7. 0-0 Be7 8. a3 0-0 9. b4 Re8 10. Rb1 Bf8 11. d3 Bg4 12. h3 Bh5 13. Be3 Nd4 14. g4 Bg6 15. Nd2 c6 16. Nde4 Rc8 17. f4 exf4 18. Bxf4 Nd5 19. Qd2 a5 20. e3 axb4 21. Nxd5 cxd5 22. Nf2 Rc2 23. Qd1 Ne2+ 24. Kh1 Ra2 25. axb4 Nxf4 26. exf4 Ree2 0-1

[Event "Drammen CC-ch"]
[Site "Drammen"]
[Date "2014.03.11"]
[Round "6"]
[White "Egede Nissen, Bjorn"]
[Black "Henriksen, Geir Ivar"]
[Result "0-1"]
[WhiteElo "1904"]
[BlackElo "2083"]
[PlyCount "64"]
[EventDate "2014.01.14"]
[EventType "swiss"]
[EventRounds "9"]
[EventCountry "NOR"]
[SourceTitle "EXT 2024"]
[Source "ChessBase"]
[SourceDate "2023.10.10"]
[SourceVersion "1"]
[SourceVersionDate "2023.10.10"]
[SourceQuality "1"]

1. e4 c5 2. Nf3 Nc6 3. d4 cxd4 4. Nxd4 Qc7 5. Nc3 e6 6. g3 a6 7. a4 Nf6 8. Bg2 Bc5 9. Nb3 Ba7 10. 0-0 h6 11. Qe2 0-0 12. h3 Qxg3 13. Kh1 Qh4 14. e5 Ne8 15. Be3 Bxe3 16. Qxe3 d5 17. Ne2 g6 18. Rad1 Ng7 19. Nbd4 Kh7 20. b3 Bd7 21. Nf3 Qe7 22. Ng3 Rad8 23. Nh2 Nf5 24. Nxf5 gxf5 25. Rg1 Rg8 26. Bf3 Qh4 27. Be2 d4 28. Qd2 Nxe5 29. Rxg8 Rxg8 30. Qxd4 Bc6+ 31. f3 Qxh3 32. Qf2 Ng4 0-1

[Event "Politiken Cup 35th"]
[Site "Helsingor"]
[Date "2013.07.30"]
[Round "5"]
[White "Halamus, Agata"]
[Black "Henriksen, Geir Ivar"]
[Result "1-0"]
[WhiteElo "2046"]
[BlackElo "2215"]
[PlyCount "49"]
[EventDate "2013.07.27"]
[EventType "swiss"]
[EventRounds "10"]
[EventCountry "DEN"]
[SourceTitle "CBM 155 Extra"]
[Source "ChessBase"]
[SourceDate "2013.08.26"]
[SourceVersion "1"]
[SourceVersionDate "2013.08.26"]
[SourceQuality "1"]

1. e4 c5 2. Nf3 Nc6 3. d4 cxd4 4. Nxd4 Qc7 5. Nc3 e6 6. Be2 a6 7. 0-0 Nf6 8. Kh1 Nxd4 9. Qxd4 Bc5 10. Qd3 b5 11. f4 Bb7 12. Bf3 h5 13. e5 Ng4 14. Bxb7 Qxb7 15. Ne4 Rc8 16. h3 Nh6 17. Be3 Be7 18. c3 Nf5 19. Bf2 Rc4 20. Rfe1 h4 21. b3 Rc6 22. Rad1 Rc7 23. Nd6+ Bxd6 24. exd6 Rc8 25. Qxf5 1-0

[Event "Politiken Cup 35th"]
[Site "Helsingor"]
[Date "2013.07.28"]
[Round "3"]
[White "Soors, Stef"]
[Black "Henriksen, Geir Ivar"]
[Result "1-0"]
[WhiteElo "2405"]
[BlackElo "2215"]
[PlyCount "63"]
[EventDate "2013.07.27"]
[EventType "swiss"]
[EventRounds "10"]
[EventCountry "DEN"]
[SourceTitle "CBM 155 Extra"]
[Source "ChessBase"]
[SourceDate "2013.08.26"]
[SourceVersion "1"]
[SourceVersionDate "2013.08.26"]
[SourceQuality "1"]

1. e4 c5 2. Nf3 Nc6 3. c3 d5 4. exd5 Qxd5 5. d4 cxd4 6. cxd4 e5 7. Nc3 Bb4 8. Bd2 Bxc3 9. Bxc3 e4 10. Ne5 Nxe5 11. dxe5 Ne7 12. Be2 0-0 13. 0-0 Be6 14. Qc1 Rfd8 15. Re1 Ng6 16. Bd1 Nxe5 17. Bb3 Nc4 18. Bxc4 Qxc4 19. Qg5 f6 20. Bxf6 Rd7 21. Bc3 Qd5 22. Qf4 Bf5 23. h4 Bg6 24. Qg4 Rad8 25. Rad1 Qf5 26. Rxd7 Qxd7 27. Qg3 Qf5 28. Qc7 Qd7 29. Qa5 b6 30. Qg5 Qd5 31. Qg3 Qf5 32. h5 1-0

[Event "Drammen CC-ch Master"]
[Site "Drammen"]
[Date "2012.03.27"]
[Round "5"]
[White "Henriksen, Geir Ivar"]
[Black "Thjomoe, Hans Richard"]
[Result "1-0"]
[WhiteElo "2080"]
[BlackElo "1627"]
[PlyCount "69"]
[EventDate "2012.01.17"]
[EventType "tourn"]
[EventRounds "7"]
[EventCountry "NOR"]
[SourceTitle "EXT 2024"]
[Source "ChessBase"]
[SourceDate "2023.10.10"]
[SourceVersion "1"]
[SourceVersionDate "2023.10.10"]
[SourceQuality "1"]

1. c4 Nf6 2. g3 d5 3. cxd5 Nxd5 4. Bg2 g6 5. Nc3 c6 6. Nf3 Bg7 7. 0-0 0-0 8. Qb3 Na6 9. d4 Nxc3 10. bxc3 Qb6 11. Qa3 Bf5 12. Bg5 f6 13. Be3 Qb5 14. Rfe1 Rfe8 15. Nh4 Nc7 16. Nxf5 Qxf5 17. Rab1 Nb5 18. Qb3+ Kf8 19. c4 Nd6 20. c5 Nf7 21. Qxb7 Rec8 22. Bxc6 Nd8 23. Be4 Qe6 24. Qxa8 Rxa8 25. Bxa8 Qc8 26. Bf3 f5 27. d5 e5 28. dxe6 Qxe6 29. Red1 Bf6 30. Rd5 g5 31. Rbd1 Nf7 32. c6 g4 33. Bg2 Be5 34. Rd7 Bd6 35. Bd5 1-0

[Event "Drammen CC-ch Master"]
[Site "Drammen"]
[Date "2012.01.17"]
[Round "1"]
[White "Egede Nissen, Bjorn"]
[Black "Henriksen, Geir Ivar"]
[Result "0-1"]
[WhiteElo "1913"]
[BlackElo "2080"]
[PlyCount "68"]
[EventDate "2012.01.17"]
[EventType "tourn"]
[EventRounds "7"]
[EventCountry "NOR"]
[SourceTitle "EXT 2024"]
[Source "ChessBase"]
[SourceDate "2023.10.10"]
[SourceVersion "1"]
[SourceVersionDate "2023.10.10"]
[SourceQuality "1"]

1. c4 e5 2. Nc3 Nf6 3. g3 Bb4 4. Bg2 0-0 5. e3 Bxc3 6. dxc3 e4 7. f4 exf3 8. Nxf3 d6 9. 0-0 Nbd7 10. Qd4 Re8 11. Nh4 Nc5 12. Bd2 Bd7 13. Rae1 Bc6 14. Bxc6 bxc6 15. Bc1 Qd7 16. Nf5 Nce4 17. Qd3 Re5 18. Nd4 c5 19. Nf3 Re6 20. Nd2 Rae8 21. b3 Re5 22. Rf4 Ng5 23. Kh1 Qc6+ 24. e4 Nfxe4 25. Nxe4 Nxe4 26. Kg1 Ng5 27. Rxe5 Nh3+ 28. Kf1 Qh1+ 29. Ke2 Rxe5+ 30. Kd2 Qxh2+ 31. Kd1 Nf2+ 32. Rxf2 Qxf2 33. Bd2 Qf5 34. Qxf5 Rxf5 0-1

[Event "NOR-chT Clubs"]
[Site "Drammen"]
[Date "2010.10.10"]
[Round "6"]
[White "Henriksen, Geir Ivar"]
[Black "Kjolberg, Jens Hjorth"]
[Result "1-0"]
[WhiteElo "2133"]
[BlackElo "1724"]
[PlyCount "81"]
[EventDate "2010.10.08"]
[EventType "team"]
[EventRounds "6"]
[EventCountry "NOR"]
[SourceTitle "EXT 2015"]
[Source "ChessBase"]
[SourceDate "2014.11.20"]
[SourceVersion "1"]
[SourceVersionDate "2014.11.20"]
[SourceQuality "1"]
[WhiteTeam "Drammen Tigers"]
[BlackTeam "Oslo SK 1911 II"]
[WhiteTeamCountry "NOR"]
[BlackTeamCountry "NOR"]

1. d4 Nf6 2. c4 g6 3. Nf3 Bg7 4. Nc3 0-0 5. Bg5 d6 6. e3 c6 7. Be2 Nbd7 8. Qc2 Qc7 9. 0-0 Re8 10. Rac1 e5 11. Bh4 h6 12. h3 Nh7 13. Bg3 f5 14. Rfd1 Ng5 15. Nxg5 hxg5 16. f3 Nf8 17. Bf2 Be6 18. d5 Bf7 19. e4 f4 20. b4 Nd7 21. Qd2 Bf8 22. dxc6 bxc6 23. c5 Re6 24. Bc4 Rf6 25. Bxf7+ Kxf7 26. Qd3 Ke8 27. cxd6 Qxd6 28. Qa6 Qxb4 29. Rxd7 Kxd7 30. Nd5 cxd5 31. Qxf6 Qd6 32. Qf7+ Be7 33. exd5 Rf8 34. Qg7 Qxd5 35. Rc7+ Kxc7 36. Qxe7+ Kc6 37. Qxf8 Qxa2 38. Qf6+ Kb7 39. Qg7+ Kc8 40. Qxa7 Qc4 41. Qc5+ 1-0

[Event "NOR-chT east 0203"]
[Site "Norway"]
[Date "2002.11.17"]
[Round "2"]
[White "Lillevold, Frode"]
[Black "Henriksen, Geir Ivar"]
[Result "1/2-1/2"]
[WhiteElo "2079"]
[BlackElo "2209"]
[PlyCount "70"]
[EventDate "2002.11.09"]
[EventType "team-swiss"]
[EventRounds "9"]
[EventCountry "NOR"]
[SourceTitle "EXT 2009"]
[Source "ChessBase"]
[SourceDate "2008.11.26"]
[SourceVersion "1"]
[SourceVersionDate "2008.11.26"]
[SourceQuality "1"]

1. d4 Nf6 2. c4 c5 3. d5 d6 4. Nc3 g6 5. e4 Bg7 6. f3 0-0 7. Bg5 h6 8. Be3 e6 9. Qd2 exd5 10. cxd5 Kh7 11. h4 Nbd7 12. g4 h5 13. g5 Ne8 14. f4 a6 15. Nf3 b5 16. Bd3 Bb7 17. 0-0 Rc8 18. f5 Bxc3 19. bxc3 Nc7 20. Bf4 c4 21. Bxd6 cxd3 22. fxg6+ fxg6 23. Bxf8 Qxf8 24. Qxd3 Ne8 25. Nd4 Qe7 26. Ne6 Ng7 27. Nxg7 Qxg7 28. Qd4 Qe7 29. Rf4 Rc4 30. Raf1 Kg8 31. Qa7 Bc8 32. Rf7 Qe8 33. R7f4 Rxe4 34. Qf2 Rxf4 35. Qxf4 Qe7 1/2-1/2

[Event "Politiken Cup 24th"]
[Site "Copenhagen"]
[Date "2002.07.23"]
[Round "8"]
[White "Hoeg, Claus"]
[Black "Henriksen, Geir Ivar"]
[Result "0-1"]
[WhiteElo "2010"]
[BlackElo "2209"]
[PlyCount "46"]
[EventDate "2002.07.15"]
[EventType "swiss"]
[EventRounds "11"]
[EventCountry "DEN"]
[SourceTitle "CBM 089 Extra"]
[Source "ChessBase"]
[SourceDate "2002.09.10"]
[SourceVersion "2"]
[SourceVersionDate "2002.09.10"]
[SourceQuality "1"]

1. d4 Nf6 2. c4 c5 3. d5 d6 4. Nc3 g6 5. e4 Bg7 6. Be2 0-0 7. f4 e6 8. Nf3 exd5 9. cxd5 Bg4 10. 0-0 Nbd7 11. Nd2 Bxe2 12. Qxe2 Re8 13. Qf3 Qb6 14. a4 c4+ 15. Kh1 Rac8 16. g4 h6 17. Qh3 Re7 18. g5 hxg5 19. e5 g4 20. Qh4 dxe5 21. Nde4 exf4 22. Rxf4 Rce8 23. Ng5 Re1+ 0-1